000 00557nam a2200193Ia 4500
003 LK-CoDNM
008 010623t1998 xxu||||| |||| 00| 1 sin d
040 _aLK-CoDNM
_dLK-CoDNM
_eLK-CoDNM
041 _asin
080 _a(x) 398
_bSAM
100 _aSamarasinghe, S.G.
_eed.
245 _aබිසෝ ඇල්ල සහ තවත් ජනකථා
246 _aBiso ella saha thawath janakatha
260 _bDepartment of cultural affairs
_aColombo
_c1998
300 _b(xxxii)236, 21 cm
650 _aCulture
650 _aFolktales
942 _cBK
999 _c119024
_d119024